Gospodarka swiatowa prawidlowosci rozwoju
Gespeichert in:
| 1. Verfasser: | |
|---|---|
| Format: | Buch |
| Sprache: | Polnisch |
| Veröffentlicht: |
Warszawa
Wydawnictwo Ekon.
1981
|
| Ausgabe: | 2. zaktual. wyd. |
| Tags: |
Keine Tags, Fügen Sie das erste Tag hinzu!
|
MARC
| LEADER | 00000nam a2200000 4500 | ||
|---|---|---|---|
| 001 | c137846 | ||
| 005 | 20041019155311.2 | ||
| 041 | 0 | |a pol | |
| 044 | |a PL | ||
| 245 | 1 | 0 | |a Gospodarka swiatowa |b prawidlowosci rozwoju |c Jerzy Kleer |
| 250 | |a 2. zaktual. wyd. | ||
| 264 | 1 | |a Warszawa |b Wydawnictwo Ekon. |c 1981 | |
| 300 | |a 405 s. | ||
| 100 | 1 | |a Kleer, Jerzy | |